| 000 | 00470nam a22001817a 4500 | ||
|---|---|---|---|
| 003 | CEME | ||
| 005 | 20210628204108.0 | ||
| 008 | 210111b xxu||||| |||| 00| 0 eng d | ||
| 020 | _a9781921529290 | ||
| 040 | _cceme | ||
| 082 | _a823 FUE | ||
| 100 |
_aFussell, Sandy _968718 |
||
| 245 | _aJaguar warrior , nothing will stop him | ||
| 260 |
_aLONDON _bWALKER BOOKS _c2010 |
||
| 300 | _a212P | ||
| 650 |
_aENGLISH LITERATURE-JAGUAR WARRIOR. _968719 |
||
| 942 |
_cBK _2ddc |
||
| 999 |
_c576205 _d576205 |
||